00419 2200157 4500001002100000008004100021035002000062245006900082100001900151260002800170300001100198084001400209082000800223650001200231990001800243INLIS000000000000500 ind  a0010-0724000500 aAsal Usul Danau Toba (Cerita Dari Sumatra Utara)cGibran maulana aGibran maulana aSurabayabCahaya agensi a24 hlm a398 GIB a a398 aFolklor aP29/CP/24/500